000 00292nam a22001337a 4500
008 170419b xxu||||| |||| 00| 0 eng d
020 _a9780716733614
041 _aeng
080 _a573
100 _a11
101 _aSHM
245 _aCHEMICAL PRINCIPLES
_cWHITMIRE, K.H
942 _2udc
_cBK
999 _c11308
_d11308